000 00666nam a2200169 a 4500
008 150817s2001 ||||||||||||||||| || u
020 _a9780130176974
050 _aQP 34.5 Sil
100 _aSilverthorn, Dee Uuglaub
245 1 0 _aHuman physiology: an integrated approach.(2nd ed.)
_cby Dee Unglaub Silverthorn
250 _a2nd ed.
260 _aUnited States of America
_bPrentice Hall
_c2001
300 _axxxi, 815p. :ill.
350 _a126.00
650 _aPHYSIOLOGY
995 _aMICHAEL CHILUFYA SATA OPEN ACCESS
_e903089
_FCBU-SCHOOL OF MEDICINE LIBRARY (Ndola)
_I126.00
_jQP 34.5 Sil
_M1
_UAVAILABLE
_WSep 4, 2015
_y903089
_ZMedical Library Open Access Collection
999 _c31739
_d31739